000 nam a22 a 4500
999 _c3933
_d3933
005 20170524124017.0
008 170524b1989 enk||||| |||| 00| 0 eng d
020 _a0393024644
040 _aAKMAL
082 _a909.82 GER
090 _a909.82
_bGER
100 _aGervasi, Frank.
_97754
245 _aThe violent decade /
_cFrank Gervasi.
260 _aNew York
_aLondon
_bNorton
_cc1989.
300 _axviii,639p.,[10]p. of plates
_bill., ports
_c24cm
650 _aForeign correspondents
_xBiography.
_zUnited States
_97755
942 _2ddc
_cBOOK